| 000 | 00722nam a22002177a 4500 | ||
|---|---|---|---|
| 999 |
_c11737 _d11737 |
||
| 003 | AR-CdUCM | ||
| 008 | 190404b ||||| |||| 00| 0 spa d | ||
| 040 |
_aMUNICIPALIDAD PROVINCIAL DEL CUSCO _cBIBLIOTECA MUNICIPAL DEL CUSCO |
||
| 082 |
_aEP / 892.4 / _bO36 |
||
| 100 |
_aOfek, Uriel _929236 |
||
| 245 |
_aMi Paz Mi Shalom : _bDibujos y Poesías de Niños de Israel / |
||
| 260 |
_aTel Aviv-Israel : _bSabra Books ; _c1976. |
||
| 300 |
_a96 páginas ; _bIlustraciones _c27cm |
||
| 505 | _a Contenido: Poesía | ||
| 650 |
_aEducación primaria _91561 |
||
| 650 |
_aPoesía _9139 |
||
| 650 |
_aIsrael _9360 |
||
| 700 |
_aKójba Málaj, Bar (traducción) _929237 |
||
| 942 |
_2ddc _cLIBROS |
||
| 945 |
_anom _d2019-04-04 |
||